The Penguin English dictionary

Αποθηκεύτηκε σε:
Λεπτομέρειες βιβλιογραφικής εγγραφής
Μορφή: Βιβλίο
Γλώσσα:English
Δημοσίευση: Harmondsworth : Penguin, 1985
Σειρά:Penguin reference books
Θέματα:
Ετικέτες: Προσθήκη ετικέτας
Δεν υπάρχουν, Καταχωρήστε ετικέτα πρώτοι!

MARC

LEADER 00000cam a2200000 i 4500
001 1/27666
008 960209s1985 eng d
020 |a 0140511393 
035 |l 10022898 
040 |a GR-MY-UA  |b gre  |e aacr 
041 0 |a eng 
082 0 |a Π 423 
245 1 4 |a The Penguin English dictionary 
260 |a Harmondsworth :   |b Penguin,   |c 1985 
300 |a xiv, 993 p. 
490 1 |a Penguin reference books 
650 0 0 |a English language  |x Dictionaries. 
830 0 |a Penguin reference books 
852 |a INST  |b CHIOS  |e 19960209  |h 423 PEN  |p 005200001015  |q 005200001015  |t REF  |y 23 
909 |a Χ  |b 001438